Understanding the codex alimentarius

Spremljeno u:
Bibliografski detalji
Autor kompanije: FAO
Format: Knjiga
Jezik:Undetermined
Izdano: Rome, Italy FAO 2005
Teme:
Oznake: Dodaj oznaku
Bez oznaka, Budi prvi tko označuje ovaj zapis!
Thư viện lưu trữ: Trung tâm Học liệu Trường Đại học Cần Thơ
LEADER 00537nam a2200193Ia 4500
001 CTU_130323
008 210402s9999 xx 000 0 und d
082 |a 363.19262 
082 |b F686 
110 |a FAO 
245 0 |a Understanding the codex alimentarius 
245 0 |c FAO, WHO 
260 |a Rome, Italy 
260 |b FAO 
260 |c 2005 
650 |a Food,Food law and legislation.,Food industry and trade,Food 
650 |x Quality,Safety measures. 
904 |a Minh 
980 |a Trung tâm Học liệu Trường Đại học Cần Thơ